Statistics for DC Universe Movies and TV series

Click here to take the quiz!

General Stats

  • This quiz has been taken 244 times
  • The average score is 16 of 23

Answer Stats

HintAnswer% Correct
The Dark Knight of Gotham City begins his war on crime with his first major enemy being the clownishly homicidal Joker. 1989Batman
98%
Barry Allen wakes up 9 months after he was struck by lightning and discovers that the bolt gave him the power of super speed. With his new team and powers, Barry becomes "The Flash" and fights crime in Central City. 2014 seriesThe Flash
89%
While working in his lab during a storm one night, a bolt of lightning strikes a tray of chemicals soaking.... 2018The Flash
89%
The adventures of Superman's cousin in her own superhero career. 2015 seriesSupergirl
84%
Spoiled billionaire playboy Oliver Queen is missing and presumed dead when his yacht is lost at sea. He returns five years later a changed man, determined to clean up the city as a hooded vigilante armed with a bow. 2012 seriesArrow
82%
When the menace known as the Joker wreaks havoc and chaos on the people of Gotham, the caped crusader must come to terms with one of the greatest psychological tests of his ability to fight injustice. 2008The Dark Knight
81%
An Amazon princess leaves her island home to explore the world, and becomes the greatest of its female heroes. 2017Wonder Woman
81%
Clark Kent, one of the last of an extinguished race disguised as an unremarkable human, is forced to reveal his identity when Earth is invaded by an army of survivors who threaten to bring the planet to the brink of destruction. 2013Man of Steel
80%
A shy woman, endowed with the speed, reflexes, and senses of a cat, walks a thin line between criminal and hero, even as a detective doggedly pursues her, fascinated by both of her personas. 2004Catwoman
78%
The story behind Commissioner James Gordon's rise to prominence in Gotham City in the years before Batman's arrival. 2014 seriesGotham
77%
After training with his mentor, Batman begins his war on crime to free the crime-ridden Gotham City from corruption that the Scarecrow and the League of Shadows have cast upon it. 2005Batman Begins
75%
Eight years after the Joker's reign of anarchy, the Dark Knight, with the help of the enigmatic Selina, is forced from his imposed exile to save Gotham City, now on the edge of total annihilation, from the brutal guerrilla terrorist Bane. 2012The Dark Knight Rises
73%
A secret government agency recruits imprisoned supervillains to execute dangerous black ops missions in exchange for clemency. 2016Suicide Squad
72%
Batman & Robin try to keep their relationship together even as they must stop Mr. Freeze and Poison Ivy from freezing Gotham City. 1997Batman and Robin
70%
When a corrupt businessman and the grotesque Penguin plot to take control of Gotham City, only Batman can stop them, while the Catwoman has her own agenda. 1992Batman Returns
68%
Batman must battle Two-Face and The Riddler with help of an amourous psychologist and a young circus acrobat who becomes his sidekick, Robin. 1995Batman Forever
64%
Superman reappears after a long absence, but is challenged by an old foe who uses Kryptonian technology for world domination. 2006Superman Returns
63%
Focuses on time-traveling rogue Rip Hunter, who has to recruit a rag-tag team of heroes and villains to help prevent an apocalypse that could impact not only Earth, but all of time. 2016 seriesLegends of Tomorrow
62%
Reckless test pilot Hal Jordan is granted an alien ring that bestows him with otherworldly powers that inducts him into an intergalactic police force, the Green Lantern Corps. 2011The Green Lantern
56%
In an alternate 1985 where former superheroes exist, the murder of a colleague sends active vigilante Rorschach into his own sprawling investigation, uncovering something that could completely change the course of history as we know it. 2009Watchmen
50%
A man struggling with his faith is haunted by the sins of his past but is suddenly thrust into the role of defending humanity from the gathering forces of darkness. 2014 seriesConstantine
48%
The U.S. military makes a scarred bounty hunter with warrants on his own head an offer he cannot refuse: in exchange for his freedom, he must stop a terrorist who is ready to unleash Hell on Earth. 2010Jonah Hex
33%
Earth's greatest heroes are assembled to form the Justice League, to combat a threat beyond each member's capabilities. 2017The Justice League Part 1
4%

Score Distribution

Percentile by Number Answered

Percent of People with Each Score

Your Score History

You have not taken this quiz